| 000 | 00998nam0a22002651 4500 | ||
|---|---|---|---|
| 001 | rc\4538854 | ||
| 005 | 20250611192248.0 | ||
| 021 |
_aRU _b[68-70023] |
||
| 035 | _a(NLR Aleph) 008359138 | ||
| 090 |
_a8986920 _c8986920 |
||
| 100 | _a20130416d1968 |||y0rusy50 ca | ||
| 101 | 0 | _arus | |
| 102 | _aRU | ||
| 105 | _aa z ||||| | ||
| 200 | 1 |
_aЕрши-малыши _eНар. песенки и потешки _e[Для дошкольного возраста] _fСобрала и обработала Н. Колпакова _gХудож. Х. Аврутис |
|
| 210 |
_aНовосибирск _cЗап.-Сиб. кн. изд-во _d1968 |
||
| 215 |
_a[23] с. _cил. _d25х25 |
||
| 300 | _aНа обл. авт. не указан | ||
| 700 | 1 |
_aКолпакова _bН.П. _f1902- _gНаталья Павловна |
|
| 702 | 1 |
_aАврутис _bХ.А. _gХаим Авраамович _4440 |
|
| 801 | 0 |
_aRU _bNLR _gpsbo |
|
| 801 | 1 |
_aRU _bELAR _2rusmarc |
|
| 852 |
_aNLR _j68-7/1858 |
||
| 942 | _cBOOK | ||
| 980 | _aNB | ||